Les pays d'Europe dans leur langue d'origine - Statistiques

Statistiques générales
  • Ce quiz a été pris 103 fois
  • Le résultat moyen est 43 sur 50
Statistiques - réponses
Nom Réponse % Correct
Deutschland Allemagne
99%
Andorra Andorre
99%
Belgien / België Belgique
98%
Danmark Danemark
97%
España Espagne
97%
France France
97%
Ísland Islande
97%
Italia Italie
97%
Azǝrbaycan Azerbaïdjan
96%
Bosna / Босна Bosnie
96%
Liechtenstein Liechtenstein
96%
Malta Malte
96%
Moldova Moldavie
96%
Monaco Monaco
96%
Eesti Estonie
95%
Polska Pologne
95%
Portugal Portugal
95%
United Kingdom Royaume-Uni
95%
Slovensko Slovaquie
95%
Slovenija Slovénie
95%
Türkiye Turquie
95%
Vaticano Vatican
95%
Norge / Noreg Norvège
94%
România Roumanie
94%
Schweiz / Svizzera / Svizra Suisse
94%
Nederland Pays-Bas
93%
San Marino Saint-Marin
93%
Österreich Autriche
91%
Lietuva Lituanie
91%
Latvija Lettonie
88%
Éire Irlande
86%
Sverige Suède
85%
Македонија Macédoine
81%
Suomi Finlande
79%
Česko Tchéquie
79%
Magyarország Hongrie
78%
Lëtzebuerg Luxembourg
78%
Ελλάδα Grèce
77%
Росси́я Russie
76%
Белару́сь Biélorussie
73%
Shqipëria Albanie
71%
България Bulgarie
71%
Украïна Ukraine
71%
Հայաստան Arménie
69%
Κύπρος / Kıbrıs Chypre
66%
Hrvatska Croatie
66%
Србија Serbie
64%
Қазақстан Kazakhstan
62%
Црна Гора Monténégro
61%
საქართველო Géorgie
59%
Aucun quiz correspondant
Distribution des résultats
% des personnes avec chaque résultat
Percentile par nombre de réponses
Votre historique - résultats
Vous n’avez pas pris ce quiz